000 00301nam a22001337a 4500
008 170131b xxu||||| |||| 00| 0 eng d
020 _a9781401878016
041 _aeng
080 _23RD
_a61
100 _a3
101 _aSHM
245 _aDIMENSIONAL ANALYSIS FOR MEDS
_cCURREN, A.M
942 _2udc
_cBK
999 _c4104
_d4104